A cinderela das bonecas (Record no. 184542)

MARC details
000 -LÍDER
campo de controle de tamanho fixo 00364 a2200169 4500
001 - NÚMERO DE CONTROLE
campo de controle 184542
020 ## - ISBN - INTERNATIONAL STANDARD BOOK NUMBER
ISBN - International Standard Book Number 85-322-5212-5
040 ## - FONTE DA CATALOGAÇÃO
Instituição que transcreveu o registro Magnum
100 ## - ENTRADA PRINCIPAL--NOME PESSOAL
Nome pessoal Rocha, Ruth
240 10 - TÍTULO UNIFORME
Título uniforme A cinderela das bonecas
Idioma da obra por
245 10 - TÍTULO
Título A cinderela das bonecas
300 ## - DESCRIÇÃO FÍSICA
Extensão 28
362 0# - DATAS DE PUBLICAÇÃO E/OU DESIGNAÇÃO SEQUENCIAL
Datas de publicação e/ou designação sequencial 2004
440 #1 - DECLARAÇÃO DE SÉRIE/ENTRADA ADICIONADA--TÍTULO
Título FTD
697 ## - ENTRADA DE ASSUNTO LOCAL--ENTIDADE COLETIVA (RLIN)
Nome corporativo ou nome da jurisdição LITERATURA INFANTO-JUVENIL
942 ## - ELEMENTOS DE ENTRADA ADICIONADOS (KOHA)
Tipo de material Koha Livros
Holdings
Situação do descarte Situação das perdas Situação física Não pode ser emprestado Biblioteca de origem Biblioteca atual Data de aquisição Total de empréstimos Número de chamada completo Código de barras Data de último acesso Data do preço efetivo Tipo de material Koha
        Magnum Magnum 08/06/2024   869.2.189 MAG00044139 08/06/2024 08/06/2024 Livros
        Magnum Magnum 08/06/2024   869.2.189 MAG00044140 08/06/2024 08/06/2024 Livros
        Magnum Magnum 08/06/2024   869.2.189 MAG00044141 08/06/2024 08/06/2024 Livros
        Magnum Magnum 08/06/2024   869.2.189 MAG00044142 08/06/2024 08/06/2024 Livros
        Magnum Magnum 08/06/2024   869.2.189 MAG00044143 08/06/2024 08/06/2024 Livros
        Magnum Magnum 08/06/2024   869.2.189 MAG00044144 08/06/2024 08/06/2024 Livros
        Magnum Magnum 08/06/2024   869.2.189 MAG00044145 08/06/2024 08/06/2024 Livros
        Magnum Magnum 08/06/2024   869.2.189 MAG00044146 08/06/2024 08/06/2024 Livros
        Magnum Magnum 08/06/2024   869.2.189 MAG00044147 08/06/2024 08/06/2024 Livros
        Magnum Magnum 08/06/2024   869.2.189 MAG00044149 08/06/2024 08/06/2024 Livros
        Magnum Magnum 08/06/2024   869.2.189 MAG00044152 08/06/2024 08/06/2024 Livros